| 000 | 00899cam a22001934a 4500 | ||
|---|---|---|---|
| 005 | 20250605164338.0 | ||
| 008 | 250528s ||||||||||||||||||||||||d | ||
| 035 | _a23513 | ||
| 040 |
_aGR-AtMCL _bgre _dGR-AtMCL _eAACR2 |
||
| 245 | 1 | _aA Foucauldian Discourse Analysis of Mental Disorders and Stigmatisation. | |
| 260 | _c2017 | ||
| 300 | _a105 | ||
| 520 | _aIntroduction, Research Question, Data Collection, Analytic Strategy, Method, Materials, Procedure, Ethical Considerations, Analysis, the Social Visage of Mental Illness, the Tip of the Iceberg: the Power of Social Stereotypes, Below the Surface: Public Stigma and Self - Stigmatization, Religion and Mental Ilness, Two Incompatible or Two Related Fields? Discussion, Conclusion, References, Appendix. | ||
| 700 | 1 |
_aLouka Penelope _99017 |
|
| 700 | 1 |
_aPenelope Chrysanthi _99086 |
|
| 942 | _cDS | ||
| 999 |
_c8518 _d8518 |
||